Comprendre le monde arabe (notice n° 1566708)
[ vue normale ]
| 000 -LEADER | |
|---|---|
| fixed length control field | 01591cam a2200133 4500500 |
| 005 - DATE AND TIME OF LATEST TRANSACTION | |
| control field | 20251214002040.0 |
| 041 ## - LANGUAGE CODE | |
| Language code of text/sound track or separate title | fre |
| 042 ## - AUTHENTICATION CODE | |
| Authentication code | dc |
| 100 10 - MAIN ENTRY--PERSONAL NAME | |
| Personal name | Nabli, Béligh |
| Relator term | author |
| 245 00 - TITLE STATEMENT | |
| Title | Comprendre le monde arabe |
| 260 ## - PUBLICATION, DISTRIBUTION, ETC. | |
| Name of publisher, distributor, etc. | Armand Colin,<br/> |
| Date of publication, distribution, etc. | 2013.<br/> |
| 520 ## - SUMMARY, ETC. | |
| Summary, etc. | Le monde arabe est encore trop souvent perçu, en Occident, comme un bloc homogène et figé. Les clichés sont fortement ancrés dans les imaginaires collectifs. On assimile arabe et musulman et l’on ignore trop la diversité des peuples répartis de la Mauritanie au sultanat d’Oman. Malgré un patrimoine linguistique et historico-culturel commun, le monde arabe reste un espace fragmenté renfermant des sociétés mosaïques formées de minorités ethniques, religieuses et linguistiques.Si le mythe de l’unité arabe n’a pas résisté à la force des particularismes nationaux, les peuples arabes sont encore mus par une conscience collective et un sentiment de solidarité incarnés par la « cause » palestinienne. À défaut de destin commun, ce lien immatériel est perceptible dans le mouvement de mobilisations et de soulèvements populaires déclenché depuis 2011. Phénomène marquant de ce début de xxie siècle, ce « réveil » ouvre des perspectives nouvelles pour des Arabes appelés à repenser leur propre mode de développement politique, économique et social. De leur capacité à se redéfinir dépendra aussi la place des Arabes dans le nouvel ordre mondial. |
| 856 41 - ELECTRONIC LOCATION AND ACCESS | |
| Uniform Resource Identifier | <a href="https://shs.cairn.info/comprendre-le-monde-arabe--9782200286385?lang=fr&redirect-ssocas=7080">https://shs.cairn.info/comprendre-le-monde-arabe--9782200286385?lang=fr&redirect-ssocas=7080</a> |
Pas d'exemplaire disponible.




Réseaux sociaux